LEADER 01409nam--2200409---450- 001 990000737830203316 005 20100823103208.0 010 $a88-15-05028-0 035 $a0073783 035 $aUSA010073783 035 $a(ALEPH)000073783USA01 035 $a0073783 100 $a20011113d1995----km-y0itay0103----ba 101 $aita 102 $aIT 105 $a||||||||001yy 200 1 $a<> investimenti degli enti locali e i loro costi$fa cura di Gianfranco Cerea$gcon scritti di Alberto Di Cataldo e Maria Grazia Zorzi 210 $aBologna$cIl Mulino$d1995 215 $a170 p$d22 cm 225 2 $aOrganizzazione e funzionamento della pubblica amministrazione$v65 410 $12001$aOrganizzazione e funzionamento della pubblica amministrazione$v65 606 0 $aEnti locali$xInvestimenti 676 $a352.14 702 1$aCEREA,$bGianfranco 702 1$aDI CATALDO,$bAlberto 702 1$aZORZI,$bMaria Grazia 801 0$aIT$bsalbc$gISBD 912 $a990000737830203316 951 $aXXIV.3. Coll. 31/ 25 (COLL. HQP 65)$b8509 G$cXXIV.3. Coll. 31/ 25 (COLL. HQP)$d00287460 959 $aBK 969 $aGIU 979 $aPATTY$b90$c20011113$lUSA01$h1246 979 $c20020403$lUSA01$h1722 979 $aPATRY$b90$c20040406$lUSA01$h1651 979 $aRSIAV2$b90$c20100823$lUSA01$h1032 996 $aInvestimenti degli enti locali e i loro costi$9634417 997 $aUNISA LEADER 02350oam 2200601M 450 001 9910715872803321 005 20191123062007.7 035 $a(CKB)5470000002515355 035 $a(OCoLC)1065565409 035 $a(OCoLC)995470000002515355 035 $a(EXLCZ)995470000002515355 100 $a20070221d1857 ua 0 101 0 $aeng 135 $aurcn||||||||| 181 $ctxt$2rdacontent 182 $cc$2rdamedia 183 $acr$2rdacarrier 200 10$aIn the Senate of the United States. February 21, 1857. -- Referred to the Committee of Claims. December 18, 1857. -- Referred to the Committee of Claims, and ordered to be printed. The Court of Claims submitted the following report ... David Myerle vs. the United States .. 210 1$a[Washington, D.C.] :$c[publisher not identified],$d1857. 215 $a1 online resource (62 pages) 225 1 $aMis. doc. / 35th Congress, 1st session. Senate ;$vno. 130 225 1 $a[United States congressional serial set ] ;$v[serial no. 935] 300 $aTitle from opening lines of text. 300 $aBatch processed record: Metadata reviewed, not verified. Some fields updated by batch processes. 300 $aFDLP item number not assigned. 606 $aBreach of contract 606 $aClaims 606 $aCordage 606 $aDefense contracts 606 $aGovernment contractors 606 $aHemp 606 $aJudicial opinions 606 $aNaval research 606 $aShips$xEquipment and supplies 608 $aLegislative materials.$2lcgft 615 0$aBreach of contract. 615 0$aClaims. 615 0$aCordage. 615 0$aDefense contracts. 615 0$aGovernment contractors. 615 0$aHemp. 615 0$aJudicial opinions. 615 0$aNaval research. 615 0$aShips$xEquipment and supplies. 712 02$aUnited States.$bCourt of Claims (1855-1982) 801 0$bWYU 801 1$bWYU 801 2$bOCLCO 801 2$bOCLCQ 906 $aBOOK 912 $a9910715872803321 996 $aIn the Senate of the United States. February 21, 1857. -- Referred to the Committee of Claims. December 18, 1857. -- Referred to the Committee of Claims, and ordered to be printed. The Court of Claims submitted the following report ... David Myerle vs. the United States .$93510256 997 $aUNINA